[Event "Airthings Masters - Torneo Preliminare"]
[Site "Internet"]
[Date "03.02.2023"]
[Round "8"]
[White "Gadimbayli, Abdulla"]
[Black "Fedoseev, Vladimir3"]
[Result "1-0"]
[WhiteTitle ""]
[BlackTitle ""]
[WhiteElo "2507"]
[BlackElo "2674"]
[WhiteFideId "13404938"]
[BlackFideId "24130737"]
[EventDate "2023.02.03"]

1. e4 h6 2. d4 e6 3. Nc3 d5 4. a3 a6 5. Bd3 Nf6 6. e5 Nfd7 7. Qh5 c5 8. Nf3 Be7
9. Nxd5 exd5 10. e6 O-O 11. Bxh6 Nf6 12. Qg5 Ne8 13. Qf5 Nf6 14. Bxg7 fxe6 15.
Qg6 Qe8 16. Qh6 Qh5 17. Bh7+ Nxh7 18. Qxh5 Kxg7 19. Qg4+ Kh8 20. Ne5 Rf6 21.
O-O-O Nc6 22. Ng6+ Rxg6 23. Qxg6 Bd7 24. Kb1 Rg8 25. Qh6 Nxd4 26. h4 e5 27. Qh5
Bf6 28. f3 Kg7 29. f4 Be8 30. Qg4+ Kh8 31. Qh3 exf4 32. Rhf1 Bg6 33. Rxd4 Bxd4
34. Rxf4 Be5 35. Rf1 Nf6 36. Qe6 Re8 37. Rxf6 Bxf6 38. Qxf6+ Kh7 39. Qf2 d4 40.
g4 d3 41. h5 dxc2+ 42. Kc1 Bxh5 43. gxh5 Re5 44. Qf7+ 1-0

[Event "Airthings Masters - Torneo Preliminare"]
[Site "Internet"]
[Date "03.02.2023"]
[Round "8"]
[White "Yoo, Christopher Woojin"]
[Black "Azarov, Sergei"]
[Result "1/2-1/2"]
[WhiteTitle ""]
[BlackTitle ""]
[WhiteElo "2589"]
[BlackElo "2559"]
[WhiteFideId "30909694"]
[BlackFideId "13501470"]
[EventDate "2023.02.03"]

1. e4 e5 2. Nf3 Nc6 3. Bb5 a6 4. Ba4 Nf6 5. d4 exd4 6. O-O Be7 7. e5 Ne4 8. Nxd4
Nc5 9. Nf5 O-O 10. Qg4 g6 11. Nxe7+ Qxe7 12. Bxc6 dxc6 13. Qg3 Re8 14. Re1 Bf5
15. Bg5 f6 16. Bf4 Qf7 17. Nd2 Ne6 18. exf6 Nd4 19. Nf3 Nxc2 20. Rxe8+ Rxe8 21.
Be5 Nxa1 22. h4 h6 23. h5 Kh7 24. Bc3 gxh5 25. Ne5 Rxe5 26. Qxe5 Bg6 27. Bd2 Nc2
28. Qf4 Kg8 29. Qxh6 Nd4 30. Qg5 b6 31. Be3 c5 32. f3 a5 33. Kf2 a4 34. a3 Kf8
35. Qe5 Nc6 36. Qg5 Ke8 37. Kg3 Kd7 38. Qh4 Qe6 39. Bg5 Nd4 40. Kh2 Qf5 41. Be3
Qe5+ 42. Bf4 Qd5 43. Qg3 Bf7 44. Qg7 Ne2 45. Bh6 Qd6+ 46. f4 Qe6 47. f5 Qe5+ 48.
g3 Qd5 49. Qf8 Nd4 50. Qe7+ Kc6 51. Bf4 Nxf5 52. Qxc7+ Kb5 53. b3 axb3 54. a4+
Kxa4 55. Qxb6 Qc4 56. Qa7+ Kb5 57. Qb7+ Ka4 58. Qa7+ Kb5 59. Qb7+ Ka4 60. Qa7+ 1/2-1/2

[Event "Airthings Masters - Torneo Preliminare"]
[Site "Internet"]
[Date "03.02.2023"]
[Round "8"]
[White "Chigaev, Maksim"]
[Black "Kovalev, Vladislav"]
[Result "1-0"]
[WhiteTitle ""]
[BlackTitle ""]
[WhiteElo "2632"]
[BlackElo "2623"]
[WhiteFideId "4108116"]
[BlackFideId "13504398"]
[EventDate "2023.02.03"]

1. e4 e5 2. Nf3 Nc6 3. Bc4 Bc5 4. d3 Nf6 5. c3 d6 6. Bg5 h6 7. Bh4 a6 8. Nbd2
Ba7 9. a4 g5 10. Bg3 O-O 11. h3 Kg7 12. Bh2 Ne7 13. Nf1 Ng6 14. Ne3 Bxe3 15.
fxe3 Be6 16. Nd2 d5 17. exd5 Nxd5 18. Qe2 b5 19. Bb3 b4 20. c4 Nde7 21. Ne4 f5
22. Nc5 Bg8 23. O-O-O Nc6 24. d4 Qe7 25. Rhe1 Rae8 26. Nxa6 Na5 27. Qc2 Rf6 28.
Nc5 exd4 29. exd4 Qxe1 30. Rxe1 Rxe1+ 31. Kd2 Re7 32. d5 Nh4 33. Bg1 f4 34. Bd4
f3 35. Qd3 fxg2 36. Bxf6+ Kxf6 37. Qd4+ Kf7 38. Qf2+ Ke8 39. Bd1 Nxc4+ 40. Kc1
Bxd5 41. Bh5+ Bf7 42. Bd1 Ne3 43. Be2 Bc4 44. Bh5+ Bf7 45. Be2 Bg6 46. Bb5+ c6
47. Bxc6+ Kd8 48. Bxg2 Nhxg2 49. Qf8+ Be8 50. Qf6 Nf4 51. Nb7+ Kd7 52. Qd6+ Kc8
53. Qxe7 1-0

[Event "Airthings Masters - Torneo Preliminare"]
[Site "Internet"]
[Date "03.02.2023"]
[Round "8"]
[White "Ghosh, Diptayan"]
[Black "Iniyan, P"]
[Result "1/2-1/2"]
[WhiteTitle ""]
[BlackTitle ""]
[WhiteElo "2553"]
[BlackElo "2514"]
[WhiteFideId "5045207"]
[BlackFideId "25002767"]
[EventDate "2023.02.03"]

1. d4 Nf6 2. c4 e6 3. Nf3 b6 4. a3 Ba6 5. Qb3 Bb7 6. Nc3 Be7 7. Qc2 O-O 8. e4 d5
9. cxd5 exd5 10. e5 Ne4 11. Bd3 Nxc3 12. Bxh7+ Kh8 13. Qf5 Bc8 14. Qh5 Bg4 15.
Qxg4 Kxh7 16. bxc3 Qd7 17. Qh5+ Kg8 18. O-O Nc6 19. a4 a5 20. Bf4 Nd8 21. Bd2
Ne6 22. Ne1 c5 23. Be3 g6 24. Qh3 Rfd8 25. Nf3 Rac8 26. Ra2 cxd4 27. cxd4 Rc4
28. Rfa1 Bb4 29. Qh4 Be7 30. Qg3 Ng7 31. h3 Rdc8 32. Kh2 Qf5 33. Rb2 R8c6 34.
Rb5 Qd7 35. Rab1 Rb4 36. Bd2 Rxb1 37. Rxb1 Bd8 38. Bg5 Ne6 39. Bxd8 Qxd8 40. h4
Kg7 41. Qg4 Rc4 42. h5 Qh8 43. Rxb6 Qxh5+ 44. Qxh5 gxh5 45. Rb5 Nxd4 46. Rxa5
Nxf3+ 47. gxf3 d4 48. Kg3 d3 49. Rd5 Rxa4 50. Rxd3 Kg6 51. Rd6+ Kf5 52. Rf6+
Kxe5 53. Rxf7 h4+ 54. Kg2 Rf4 55. Rg7 Kf5 56. Rb7 Kg5 57. Rb5+ Kg6 58. Re5 Kf6
59. Re4 Kf5 60. Re7 Kf6 61. Rh7 Kg6 62. Rh8 Kg7 63. Rd8 Kg6 64. Rd3 Kg5 65. Kh3
Kg6 66. Re3 Kg5 67. Kg2 Kg6 68. Re5 Kf6 69. Rb5 Kg6 70. Rb3 Kf6 71. Kh3 Kg6 1/2-1/2

[Event "Airthings Masters - Torneo Preliminare"]
[Site "Internet"]
[Date "03.02.2023"]
[Round "8"]
[White "Petrosyan, Manuel"]
[Black "Rakhmanov, Aleksandr"]
[Result "1-0"]
[WhiteTitle ""]
[BlackTitle ""]
[WhiteElo "2634"]
[BlackElo "2635"]
[WhiteFideId "13300857"]
[BlackFideId "4173708"]
[EventDate "2023.02.03"]

1. d4 Nf6 2. Bf4 d5 3. e3 e6 4. Nf3 Bd6 5. Nbd2 Bxf4 6. exf4 O-O 7. h4 b6 8. h5
c5 9. h6 g6 10. c3 Ba6 11. Bxa6 Nxa6 12. Qe2 Nc7 13. Ne5 Nce8 14. g4 Nd7 15.
Ndf3 Nd6 16. O-O-O cxd4 17. Nxd4 Rc8 18. Nxd7 Qxd7 19. Qe5 Ne8 20. f5 Qc7 21. f4
Qxe5 22. fxe5 Nc7 23. Rhf1 exf5 24. gxf5 Rfe8 25. Rde1 Na6 26. e6 fxe6 27. fxg6
Nc5 28. gxh7+ Kh8 29. Re2 Rc7 30. Rf6 e5 31. Nb5 Rd7 32. Nd6 Ree7 33. Kc2 Kxh7
34. b4 Nb7 35. Nxb7 Rxb7 36. Rd6 e4 37. Rxd5 Re6 38. Rh5 Rbe7 39. Rh4 e3 40. a4
Rxh6 41. Rxh6+ Kxh6 42. Kd3 Kg5 43. Rxe3 Rxe3+ 44. Kxe3 Kf5 45. Kd4 Ke6 46. Kc4
Kd6 47. Kb5 Kc7 48. Ka6 Kb8 49. c4 Ka8 50. a5 bxa5 51. Kxa5 Kb7 52. Kb5 Kc7 53.
Ka6 Kb8 54. c5 Ka8 55. c6 Kb8 56. c7+ Kxc7 57. Kxa7 Kc6 58. Ka6 Kc7 59. b5 Kb8
60. Kb6 Ka8 61. Kc7 Ka7 62. b6+ Ka8 63. b7+ Ka7 64. b8=Q+ Ka6 65. Qb6# 1-0

[Event "Airthings Masters - Torneo Preliminare"]
[Site "Internet"]
[Date "03.02.2023"]
[Round "8"]
[White "Bok, Benjamin"]
[Black "Darini, Pouria"]
[Result "1-0"]
[WhiteTitle ""]
[BlackTitle ""]
[WhiteElo "2607"]
[BlackElo "2405"]
[WhiteFideId "1017063"]
[BlackFideId "12502200"]
[EventDate "2023.02.03"]

1. d4 Nf6 2. c4 e6 3. Nc3 Bb4 4. Qc2 d5 5. a3 Bxc3+ 6. Qxc3 dxc4 7. Qxc4 O-O 8.
Bg5 b6 9. Rd1 Ba6 10. Qa4 Qd7 11. Qc2 Qc6 12. Qxc6 Nxc6 13. Bxf6 gxf6 14. Nf3
Rfd8 15. e3 Bxf1 16. Rxf1 Na5 17. Ke2 Rac8 18. Rc1 c5 19. dxc5 Nb3 20. Rc3 Rxc5
21. Rxc5 Nxc5 22. b4 Ne4 23. Rc1 a5 24. Nd4 axb4 25. axb4 Ra8 26. Rc2 Ra4 27. f3
Nd6 28. Rc6 Ra2+ 29. Kf1 Ne8 30. Rxb6 Nc7 31. e4 Rd2 32. Rd6 Rb2 33. Rb6 Rd2 34.
Nb3 Rb2 35. Nc5 Kf8 36. h4 Ke7 37. Rb7 Kd6 38. Rb6+ Ke7 39. h5 h6 40. g4 e5 41.
Rb7 Kd6 42. Rb6+ Ke7 43. Ke1 Ne6 44. Nxe6 fxe6 45. b5 Kd7 46. Rb8 Kd6 47. b6 Kc6
48. Rf8 Kxb6 49. Rxf6 Kc5 50. Rxh6 Kd4 51. Rf6 Ke3 52. Kf1 Rb1+ 53. Kg2 Rb2+ 54.
Kg3 Rb1 55. h6 Rh1 56. Kg2 Rh4 57. Rxe6 Kf4 58. Rf6+ Ke3 59. Kg3 Rh1 60. g5 Rg1+
61. Kh4 Rh1+ 62. Kg4 1-0

[Event "Airthings Masters - Torneo Preliminare"]
[Site "Internet"]
[Date "03.02.2023"]
[Round "8"]
[White "Vokhidov, Shamsiddin"]
[Black "Dreev, Aleksey"]
[Result "1-0"]
[WhiteTitle ""]
[BlackTitle ""]
[WhiteElo "2601"]
[BlackElo "2606"]
[WhiteFideId "14204223"]
[BlackFideId "4100107"]
[EventDate "2023.02.03"]

1. e4 c6 2. Nf3 d5 3. Nc3 dxe4 4. Nxe4 Nf6 5. Qe2 Nxe4 6. Qxe4 Qd5 7. Qf4 Qf5 8.
Qe3 Qe6 9. b3 Qxe3+ 10. fxe3 Bf5 11. Bb2 Nd7 12. d3 f6 13. e4 Bg4 14. d4 O-O-O
15. O-O-O e6 16. h3 Bh5 17. Bc4 Re8 18. Rhe1 Bb4 19. Re2 b5 20. Bd3 e5 21. d5
Nc5 22. dxc6 Nxd3+ 23. cxd3 Re6 24. Rc2 Rd8 25. d4 exd4 26. Rxd4 Rxd4 27. Bxd4
a6 28. Bc5 Rxe4 29. Bxb4 Rxb4 30. g4 Be8 31. Kd2 Re4 32. Kd3 Bg6 33. Kd2 Kc7 34.
Rc3 h5 35. g5 Bf5 36. gxf6 gxf6 37. Ng1 Rd4+ 38. Ke3 Rd1 39. Rc5 Be6 40. Ne2
Bxh3 41. Rxh5 Bg4 42. Rh7+ Kxc6 43. Nd4+ Kb6 44. Rg7 Re1+ 45. Kd2 Re4 46. Kd3 f5
47. Rg6+ Kb7 48. Ne6 Re5 49. Kd4 Re4+ 50. Kd5 Re3 51. Nc5+ Kc7 52. Nxa6+ Kd7 53.
Rg7+ Ke8 54. Nc5 Kf8 55. Rh7 b4 56. Nd7+ Kg8 57. Nf6+ Kf8 58. Ra7 Bf3+ 59. Kc4
f4 60. Ra5 Bg2 61. Rf5 Re2 62. Nh5+ Ke7 63. Nxf4 Rxa2 64. Nxg2 Rxg2 65. Kxb4 Kd7
66. Rc5 Rb2 67. Ka4 Kd6 68. b4 Rb1 69. Ka5 Rb2 70. Rc3 Kd7 71. b5 Ra2+ 72. Kb6
Rb2 73. Ka6 1-0

[Event "Airthings Masters - Torneo Preliminare"]
[Site "Internet"]
[Date "03.02.2023"]
[Round "8"]
[White "Kravtsiv, Martyn"]
[Black "Alekseenko, Kirill"]
[Result "1-0"]
[WhiteTitle ""]
[BlackTitle ""]
[WhiteElo "2598"]
[BlackElo "2686"]
[WhiteFideId "14113147"]
[BlackFideId "4135539"]
[EventDate "2023.02.03"]

1. e4 e5 2. Nf3 Nc6 3. Nc3 Nf6 4. a4 Bb4 5. Bd3 Bxc3 6. dxc3 d6 7. O-O a5 8. Nd2
O-O 9. Re1 Nd7 10. Nf1 Nc5 11. Ng3 Qh4 12. Bb5 Ne7 13. Be3 Ng6 14. f3 Nf4 15.
Qd2 h6 16. b4 Nce6 17. Nf5 Qf6 18. Bf1 Bd7 19. b5 b6 20. Kh1 Rad8 21. g3 Ng6 22.
h4 Nc5 23. Bh3 Ne7 24. g4 Bxf5 25. gxf5 Qxh4 26. Qg2 d5 27. Rg1 Qf6 28. f4 dxe4
29. fxe5 Qxe5 30. Bxh6 g6 31. Raf1 Rfe8 32. fxg6 fxg6 33. Bg5 Qg7 34. Bf6 Qh7
35. Rf4 Rd2 36. Qxd2 Qxh3+ 37. Qh2 Qxh2+ 38. Kxh2 Nd5 39. Rff1 e3 40. Rxg6+ Kf7
41. Rg7+ Ke6 42. Bd4 Ne4 43. c4 e2 44. Re1 Nf4 45. Rg4 Rh8+ 46. Kg1 Kf5 47.
Rxf4+ Kxf4 48. Bxh8 Ke3 49. Bf6 Nxf6 50. Kg2 Ne4 51. Rh1 Kd2 52. Kf3 Nd6 53. c5
bxc5 54. Rh2 Kxc2 55. Rxe2+ Kb3 56. Re5 Kb4 57. Ke2 Nc4 58. Re4 Kc3 59. Re7 Nb6
60. Rxc7 Kb4 61. Rc6 Nxa4 62. b6 Nc3+ 63. Kf3 Nb5 64. Ke4 Nd4 65. Rc8 1-0

[Event "Airthings Masters - Torneo Preliminare"]
[Site "Internet"]
[Date "03.02.2023"]
[Round "8"]
[White "Xu, Xiangyu"]
[Black "Lenderman, Aleksandr"]
[Result "1/2-1/2"]
[WhiteTitle ""]
[BlackTitle ""]
[WhiteElo "2578"]
[BlackElo "2572"]
[WhiteFideId "8608288"]
[BlackFideId "2021285"]
[EventDate "2023.02.03"]

1. d4 e6 2. c4 b6 3. e4 Bb4+ 4. Bd2 Bxd2+ 5. Qxd2 d5 6. cxd5 exd5 7. e5 Ne7 8.
Nc3 O-O 9. Nf3 c5 10. Rd1 Be6 11. Be2 Nbc6 12. O-O Rc8 13. Rfe1 Qd7 14. h3 Rfd8
15. Ba6 Rb8 16. b3 Qc7 17. Rc1 Nf5 18. Na4 c4 19. bxc4 dxc4 20. Bxc4 Bxc4 21.
Rxc4 b5 22. Rc5 bxa4 23. d5 Nfe7 24. d6 Qb7 25. Qc1 Rdc8 26. dxe7 Nxe7 27. Rxc8+
Rxc8 28. Qa3 Rc4 29. e6 fxe6 30. Rxe6 Re4 31. Qd6 Rxe6 32. Qxe6+ Kf8 33. Ng5
Qb1+ 34. Kh2 Qf5 35. Qxf5+ Nxf5 36. Nxh7+ Ke7 37. Ng5 Nd4 38. Ne4 a3 39. g4 Ke6
40. h4 Kd5 41. Nd2 Ne2 42. Nb1 Nc1 43. Nxa3 Nxa2 44. Kg3 Ke5 45. f4+ Ke4 46. g5
Nc3 47. Kg4 Nd5 48. Nb5 Ne3+ 49. Kg3 Nf5+ 50. Kg4 Ne3+ 51. Kh3 a5 52. h5 Nd5 53.
h6 gxh6 54. gxh6 Nxf4+ 55. Kg4 Ng6 56. Kg5 Nf8 57. Kf6 Kf4 58. Nc3 Kg4 59. Kg7
Kh5 60. Kxf8 Kxh6 61. Ke7 Kg5 62. Kd6 a4 63. Nxa4 1/2-1/2

[Event "Airthings Masters - Torneo Preliminare"]
[Site "Internet"]
[Date "03.02.2023"]
[Round "8"]
[White "Grover, Sahaj"]
[Black "Omelja, Artem"]
[Result "0-1"]
[WhiteTitle ""]
[BlackTitle ""]
[WhiteElo "2509"]
[BlackElo "2437"]
[WhiteFideId "5021103"]
[BlackFideId "14119846"]
[EventDate "2023.02.03"]

1. e4 c5 2. Nf3 Nc6 3. Nc3 e5 4. Bc4 Be7 5. d3 d6 6. O-O h6 7. Ne1 Nf6 8. f4 Bg4
9. Nf3 Nd4 10. fxe5 Bxf3 11. gxf3 dxe5 12. Nd5 O-O 13. f4 Nxd5 14. Bxd5 exf4 15.
Bxf4 Bg5 16. Bg3 Qe7 17. c3 Ne6 18. Qh5 Rad8 19. Rf3 Nc7 20. Bxc7 Qxc7 21. h4
Bf6 22. Kh1 Qe5 23. Qg4 b6 24. Rf5 Qe7 25. Raf1 Kh8 26. Kg2 b5 27. Kh3 b4 28. c4
Bxb2 29. Rxf7 Rxf7 30. Rxf7 Qe5 31. Rf3 Bd4 32. Rf5 Qe7 33. Rf7 Qe5 34. Rf5 Qe7
35. Qf3 Bf6 36. Qg3 Bd4 37. Qg6 Rd6 38. Qg4 Rf6 39. Rxf6 Bxf6 40. Qc8+ Qd8 41.
Qxc5 Qd7+ 42. Kg3 Be5+ 43. Kf2 Qd8 44. Ke2 Bd6 45. Qf2 Be7 46. h5 Bf6 47. Qf5 a5
48. e5 Bg5 49. Be4 Kg8 50. e6 Qf6 51. Qxf6 Bxf6 52. Ke3 Kf8 53. d4 Ke7 54. Bf5
Kd6 55. Ke4 a4 56. c5+ Kc6 57. Bg6 b3 58. a3 b2 59. Ke3 Kd5 60. Be4+ Kxe6 61.
Kd3 b1=Q+ 0-1

[Event "Airthings Masters - Torneo Preliminare"]
[Site "Internet"]
[Date "03.02.2023"]
[Round "8"]
[White "Ter-Sahakyan, Samvel"]
[Black "Malakhov, Vladimir"]
[Result "0-1"]
[WhiteTitle ""]
[BlackTitle ""]
[WhiteElo "2616"]
[BlackElo "2650"]
[WhiteFideId "13302531"]
[BlackFideId "4120787"]
[EventDate "2023.02.03"]

1. d4 d5 2. c4 e6 3. Nf3 Nf6 4. g3 Be7 5. Bg2 O-O 6. O-O c6 7. Qc2 b6 8. Nbd2
Nbd7 9. e4 dxc4 10. Nxc4 Bb7 11. e5 Nd5 12. Qe4 c5 13. Qg4 Kh8 14. dxc5 Nxc5 15.
Bg5 Ba6 16. h4 h6 17. Bxe7 Qxe7 18. Rfd1 Bxc4 19. Qxc4 Rad8 20. Qg4 a5 21. a3 a4
22. Rac1 Qc7 23. Kh2 Ne7 24. Rxd8 Qxd8 25. Rc2 Qd1 26. Rd2 Qc1 27. Qb4 Nd5 28.
Qg4 Nb3 29. Re2 b5 30. Qe4 Rc8 31. Qd3 Qc4 32. Qd1 Qc1 33. Qd3 Rc4 34. Nd2 Qc2
35. Be4 Qxd3 36. Bxd3 Nxd2 37. Rxd2 Rd4 38. Rd1 Nb6 39. Bc2 Rxd1 40. Bxd1 Nc4
41. Be2 Nxb2 42. Bxb5 g5 43. h5 Kg7 44. Kg2 f6 45. Kf3 fxe5 46. Ke2 Kf6 47. Kd2
e4 48. Kc2 Nd3 49. Bxd3 exd3+ 50. Kxd3 Ke5 51. Kc4 Ke4 52. Kb4 Kf3 53. Kxa4 Kxf2
54. Kb3 Kxg3 55. a4 g4 56. a5 Kh2 57. a6 g3 58. a7 g2 59. a8=Q g1=Q 60. Qe8 Qe3+
61. Kc4 Kh3 62. Qg6 Kh4 63. Kb5 e5 64. Kc6 Qg5 65. Kd5 Qxh5 66. Qf6+ Qg5 67.
Qf2+ Kh3 68. Qf1+ Qg2+ 69. Qxg2+ Kxg2 0-1

[Event "Airthings Masters - Torneo Preliminare"]
[Site "Internet"]
[Date "03.02.2023"]
[Round "8"]
[White "Williams, Simon K"]
[Black "Sjugirov, Sanan"]
[Result "1/2-1/2"]
[WhiteTitle ""]
[BlackTitle ""]
[WhiteElo "2465"]
[BlackElo "2712"]
[WhiteFideId "404454"]
[BlackFideId "4189302"]
[EventDate "2023.02.03"]

1. d4 Nf6 2. Nc3 d5 3. Bf4 Bf5 4. e3 e6 5. Bd3 c6 6. h4 h5 7. Nf3 Nbd7 8. Qe2
Bb4 9. O-O Bxc3 10. bxc3 Bg4 11. c4 Ne4 12. cxd5 exd5 13. c4 O-O 14. Qc2 Re8 15.
Ng5 Nxg5 16. hxg5 dxc4 17. Bxc4 Nb6 18. Bb3 Be6 19. g6 Bxb3 20. Qxb3 Qd5 21.
gxf7+ Qxf7 22. Qxf7+ Kxf7 23. Rfb1 Re7 24. a4 Nd5 25. Bd6 Rd7 26. Be5 a5 27. Ra3
Nb4 28. g3 g5 29. Kg2 g4 30. Rh1 Kg6 31. f4 gxf3+ 32. Kxf3 Rf8+ 33. Ke4 Rf2 34.
Raa1 Rdf7 35. Rag1 Nd5 36. g4 h4 37. Rxh4 R7f3 38. Rg3 Rxg3 39. Bxg3 Ra2 40. Bf4
Rxa4 41. Rh6+ Kg7 42. Rd6 Rb4 43. Kf5 Kf7 44. Rd7+ Ne7+ 45. Ke5 Rb5+ 46. Ke4 Ke8
47. Rc7 Kd8 48. g5 a4 49. Bd6 Nc8 50. Bf4 Ne7 51. Bd6 Nf5 52. Be5 Rxe5+ 53. Kxe5
Kxc7 54. Kxf5 a3 55. g6 a2 56. g7 a1=Q 57. g8=Q Qb1+ 58. Ke5 Qb5+ 59. Kf4 Qf1+
60. Ke5 b5 61. Qg7+ Kb6 62. Kd6 Qc4 63. Qc7+ Ka6 64. Qc8+ Ka5 65. Qa8+ Kb4 66.
Qxc6 Qe2 67. e4 Qh2+ 68. Kd5 Qa2+ 69. Kd6 Qh2+ 70. Kd7 Qh7+ 71. Kc8 Qh8+ 72. Kb7
Qxd4 73. Ka6 Qa1+ 74. Kb6 Qe5 75. Qd5 Qf6+ 76. Kc7 Qe7+ 77. Kc6 Qe8+ 78. Kc7 Ka4
79. e5 b4 80. e6 b3 81. Qc4+ Ka3 82. Qa6+ Kb2 83. Qe2+ Ka3 84. Qa6+ Kb2 85. Qe2+
Ka3 86. Qa6+ 1/2-1/2

[Event "Airthings Masters - Torneo Preliminare"]
[Site "Internet"]
[Date "03.02.2023"]
[Round "8"]
[White "Paravyan, David"]
[Black "Vidit, Santosh Gujrathi"]
[Result "0-1"]
[WhiteTitle ""]
[BlackTitle ""]
[WhiteElo "2586"]
[BlackElo "2730"]
[WhiteFideId "4194985"]
[BlackFideId "5029465"]
[EventDate "2023.02.03"]

1. e4 c5 2. Nf3 Nc6 3. Bb5 e6 4. O-O Nge7 5. d4 cxd4 6. Nxd4 Qb6 7. Nxc6 bxc6 8.
Be2 Ng6 9. c4 Be7 10. Nc3 O-O 11. Rb1 c5 12. Be3 Qc7 13. f4 Bb7 14. g3 d6 15.
Bf3 a6 16. h4 Bf6 17. h5 Ne7 18. h6 gxh6 19. Bg2 Kh8 20. Qh5 Bd4 21. Rbe1 f5 22.
Qxh6 fxe4 23. g4 Ng8 24. Qg5 Nf6 25. Bxd4 cxd4 26. Nxe4 Bxe4 27. Bxe4 Rab8 28.
Bf3 Qf7 29. Qh4 Rxb2 30. g5 Nd7 31. f5 exf5 32. Qxd4+ Qg7 33. Qxg7+ Kxg7 34. Bh5
Ne5 35. c5 f4 36. cxd6 Rf5 37. Be8 Rxg5+ 38. Kh1 Rd2 39. d7 Rd6 40. Re2 f3 41.
Rh2 Nxd7 42. Bxd7 Rxd7 43. Rh3 Rf5 44. Rhxf3 Rxf3 45. Rxf3 Rd1+ 46. Kg2 Rd2+ 47.
Kg3 Rxa2 48. Rb3 h5 49. Rb6 Ra5 50. Kh4 Kf7 51. Kg3 Ke7 52. Kf4 Kd7 53. Ke4 Kc7
54. Rh6 Kb7 55. Rh7+ Kc6 56. Rh6+ Kd7 57. Rh7+ Ke6 58. Rh6+ Kf7 59. Kf4 Kg7 60.
Rb6 h4 61. Rb4 Rb5 62. Rc4 a5 63. Rc7+ Kf6 64. Rc6+ Ke7 65. Ra6 Rb4+ 66. Ke5 a4
67. Ra7+ Kd8 68. Kd6 Kc8 69. Kc6 Kb8 70. Ra5 h3 71. Rh5 Rb3 72. Rh8+ Ka7 73. Rh4
a3 74. Ra4+ Kb8 75. Kd6 h2 76. Rh4 a2 0-1

[Event "Airthings Masters - Torneo Preliminare"]
[Site "Internet"]
[Date "03.02.2023"]
[Round "9"]
[White "Williams, Simon K"]
[Black "Paravyan, David"]
[Result "0-1"]
[WhiteTitle ""]
[BlackTitle ""]
[WhiteElo "2465"]
[BlackElo "2586"]
[WhiteFideId "404454"]
[BlackFideId "4194985"]
[EventDate "2023.02.03"]

1. d4 Nf6 2. Nc3 d5 3. Bf4 g6 4. e3 Bg7 5. h4 h5 6. Nf3 O-O 7. Ne5 c5 8. dxc5
Qa5 9. Be2 Ne4 10. Qxd5 Nxc3 11. Qd2 Nc6 0-1

[Event "Airthings Masters - Torneo Preliminare"]
[Site "Internet"]
[Date "03.02.2023"]
[Round "9"]
[White "Chigaev, Maksim"]
[Black "Vokhidov, Shamsiddin"]
[Result "1/2-1/2"]
[WhiteTitle ""]
[BlackTitle ""]
[WhiteElo "2632"]
[BlackElo "2601"]
[WhiteFideId "4108116"]
[BlackFideId "14204223"]
[EventDate "2023.02.03"]

1. e4 c5 2. Nf3 e6 3. d4 cxd4 4. Nxd4 Nc6 5. Bf4 d6 6. Nxc6 bxc6 7. Nd2 e5 8.
Be3 Nf6 9. h3 Be7 10. Bd3 d5 11. O-O O-O 12. Re1 h6 13. c3 Qc7 1/2-1/2

[Event "Airthings Masters - Torneo Preliminare"]
[Site "Internet"]
[Date "03.02.2023"]
[Round "9"]
[White "Tan, Zhongyi"]
[Black "Xu, Xiangyu"]
[Result "1/2-1/2"]
[WhiteTitle ""]
[BlackTitle ""]
[WhiteElo "2530"]
[BlackElo "2578"]
[WhiteFideId "8603642"]
[BlackFideId "8608288"]
[EventDate "2023.02.03"]

1. d4 Nf6 2. c4 g6 3. Nc3 d5 4. cxd5 Nxd5 5. g3 Bg7 6. Bg2 Nxc3 7. bxc3 O-O 8.
Nf3 c5 9. O-O cxd4 10. Nxd4 Nc6 11. Nxc6 bxc6 12. Bxc6 Bh3 13. Qxd8 Raxd8 14.
Bg2 Be6 15. Be3 Bxc3 16. Rac1 Bd2 17. Bxd2 Rxd2 18. Rc7 Rxa2 19. Rxe7 Rd8 20.
Bf3 Bh3 21. Bg2 Bg4 22. Bf3 Bxf3 23. exf3 Rdd2 24. g4 Rd3 25. Kg2 Raa3 26. Rc1
Rxf3 27. Rxa7 Rxf2+ 28. Kxf2 Rxa7 1/2-1/2

[Event "Airthings Masters - Torneo Preliminare"]
[Site "Internet"]
[Date "03.02.2023"]
[Round "9"]
[White "Rakhmanov, Aleksandr"]
[Black "Muradli, Mahammad"]
[Result "0-1"]
[WhiteTitle ""]
[BlackTitle ""]
[WhiteElo "2635"]
[BlackElo "2539"]
[WhiteFideId "4173708"]
[BlackFideId "13409301"]
[EventDate "2023.02.03"]

1. d4 Nf6 2. c4 e6 3. Nc3 Bb4 4. e3 O-O 5. Bd3 c5 6. Nf3 d5 7. cxd5 cxd4 8. exd4
exd5 9. Ne5 Nc6 10. O-O h6 11. Nxc6 bxc6 12. Bf4 Re8 13. Rc1 Bg4 14. f3 Bd7 15.
Ne2 Qb6 16. Kh1 c5 17. a3 c4 18. axb4 cxd3 19. Nc3 Qxd4 20. Bg3 Qxb4 21. Qxd3 d4
22. Na2 Qxb2 23. Rf2 Qb6 24. Rd2 Be6 25. Rb1 Qa5 26. Rbb2 Rac8 27. h3 Nh5 28.
Bd6 Bxa2 29. Rxa2 Rc1+ 30. Kh2 Qd5 31. Qxd4 Ree1 32. g4 Qxf3 0-1

[Event "Airthings Masters - Torneo Preliminare"]
[Site "Internet"]
[Date "03.02.2023"]
[Round "9"]
[White "Narayanan, S.L."]
[Black "Aronian, Levon"]
[Result "0-1"]
[WhiteTitle ""]
[BlackTitle ""]
[WhiteElo "2669"]
[BlackElo "2736"]
[WhiteFideId "5058422"]
[BlackFideId "13300474"]
[EventDate "2023.02.03"]

1. d4 Nf6 2. c4 e6 3. Nf3 d5 4. Nc3 Bb4 5. Bg5 dxc4 6. e4 c5 7. Bxc4 cxd4 8.
Nxd4 Qa5 9. Bxf6 Bxc3+ 10. bxc3 Qxc3+ 11. Kf1 gxf6 12. Rc1 Qa5 13. h4 Ke7 14.
Rh3 Rd8 15. Rd3 Nc6 16. Nxc6+ bxc6 17. Rxd8 Qxd8 18. Qf3 Qd4 19. Kg1 Bd7 20. Bb3
Rc8 21. Rd1 Qc5 22. Qd3 Be8 23. g3 Qe5 24. Bc4 c5 25. f4 Qd4+ 26. Kh2 Rd8 27.
Qxd4 Rxd4 28. Rc1 Bc6 29. Bb3 Rd2+ 30. Kg1 Bxe4 31. Rxc5 Rg2+ 32. Kf1 Rxg3 33.
Rc7+ Kf8 34. Rxa7 Rf3+ 35. Ke2 Rxf4 36. h5 Rh4 37. Ke3 f5 38. Bd1 Bd5 39. a4 f4+
40. Kd4 f3+ 41. Ke3 Re4+ 42. Kf2 Rd4 0-1

[Event "Airthings Masters - Torneo Preliminare"]
[Site "Internet"]
[Date "03.02.2023"]
[Round "9"]
[White "Bortnyk, Olexandr"]
[Black "Malakhov, Vladimir"]
[Result "1-0"]
[WhiteTitle ""]
[BlackTitle ""]
[WhiteElo "2605"]
[BlackElo "2650"]
[WhiteFideId "14120828"]
[BlackFideId "4120787"]
[EventDate "2023.02.03"]

1. d4 d5 2. Nc3 Nf6 3. Bf4 a6 4. e3 e6 5. a3 c5 6. Nf3 Nc6 7. h3 Bd6 8. dxc5
Bxc5 9. Bd3 Bd6 10. Bxd6 Qxd6 11. O-O O-O 12. e4 d4 13. Ne2 Rd8 14. Qd2 e5 15.
Nh4 Be6 16. Ng3 Ne7 17. Rae1 Ng6 18. Nxg6 hxg6 19. f4 exf4 20. e5 Qb6 21. exf6
fxg3 22. fxg7 Kxg7 23. Qg5 Bd5 24. Qe5+ f6 25. Qxg3 g5 26. Re7+ Kg8 27. Rf5 Bf7
28. Qf3 Qd6 29. Rxg5+ Kf8 30. Rxf7+ Kxf7 31. Bc4+ Ke8 32. Rg8+ Kd7 33. Qxb7+ 1-0